000 00330pam a2200157a 44500
008 230515b2011 xxu||||| |||| 00| 0 eng d
020 _aNULL
041 _aENGLISH
082 _a612.16
100 _aCHATTERJEE
245 _aORAL PHYSIOLOGY
250 _aI
260 _a
_bC B S PUB
_c2011
300 _a105
650 _aNULL
999 _c564341
_d564341